COMPUTER ARCHITECTURE: A QUANTITATIVE APPROACH (Record no. 215681)
[ view plain ]
| 000 -LEADER | |
|---|---|
| fixed length control field | 00486nam a2200193Ia 4500 |
| 003 - CONTROL NUMBER IDENTIFIER | |
| control field | OSt |
| 005 - DATE AND TIME OF LATEST TRANSACTION | |
| control field | 20250612112745.0 |
| 020 ## - INTERNATIONAL STANDARD BOOK NUMBER | |
| International Standard Book Number | 978-0-1281-1905-1 |
| 040 ## - CATALOGING SOURCE | |
| Transcribing agency | LIBRARY OF CONGRESS |
| 050 ## - LIBRARY OF CONGRESS CALL NUMBER | |
| Classification number | QA 76.9. H46 2019 |
| 100 ## - MAIN ENTRY--PERSONAL NAME | |
| Personal name | JOHN L. HENNESY |
| 245 #0 - TITLE STATEMENT | |
| Title | COMPUTER ARCHITECTURE: A QUANTITATIVE APPROACH |
| 250 ## - EDITION STATEMENT | |
| Edition statement | 6TH ED. |
| 300 ## - PHYSICAL DESCRIPTION | |
| Extent | XXIX,617P. |
| 500 ## - GENERAL NOTE | |
| General note | INCLUDES AN INDEX |
| 600 ## - SUBJECT ADDED ENTRY--PERSONAL NAME | |
| Source of heading or term | COMPUTER ARCHITECTURE |
| 700 ## - ADDED ENTRY--PERSONAL NAME | |
| Personal name | PATTERSON DAVID A. |
| 942 ## - ADDED ENTRY ELEMENTS (KOHA) | |
| Koha item type | Long Loan Book |
| Source of classification or shelving scheme | Library of Congress Classification |
| Suppress in OPAC | No |
| Withdrawn status | Lost status | Source of classification or shelving scheme | Damaged status | Not for loan | Collection | Home library | Current library | Shelving location | Date acquired | Inventory number | Total checkouts | Full call number | Barcode | Date last seen | Copy number | Price effective from | Koha item type |
|---|---|---|---|---|---|---|---|---|---|---|---|---|---|---|---|---|---|
| Library of Congress Classification | Science & Technology | Kisii University Library | Kisii University Library | On Display | 06/12/2025 | 108297 | QA 76.9 .H46 2019 | 000000022770 | 06/12/2025 | C.1 | 06/12/2025 | Long Loan Book | |||||
| Library of Congress Classification | Science & Technology | Kisii University Library | Kisii University Library | On Display | 06/12/2025 | 108298 | QA 76.9 .H46 2019 | 000000022679 | 06/12/2025 | C.2 | 06/12/2025 | Long Loan Book | |||||
| Library of Congress Classification | Science & Technology | Kisii University Library | Kisii University Library | On Display | 06/12/2025 | 108299 | QA 76.9 .H46 2019 | 000000022678 | 06/12/2025 | C.3 | 06/12/2025 | Long Loan Book | |||||
| Library of Congress Classification | Science & Technology | Kisii University Library | Kisii University Library | On Display | 06/12/2025 | 108300 | QA 76.9 .H46 2019 | 000000022677 | 06/12/2025 | C.4 | 06/12/2025 | Long Loan Book | |||||
| Library of Congress Classification | Science & Technology | Kisii University Library | Kisii University Library | On Display | 06/12/2025 | 108301 | QA 76.9 .H46 2019 | 000000022676 | 06/12/2025 | C.5 | 06/12/2025 | Long Loan Book |